<?xml version="1.0" encoding="UTF-8"?>
<record
    xmlns:xsi="http://www.w3.org/2001/XMLSchema-instance"
    xsi:schemaLocation="http://www.loc.gov/MARC21/slim http://www.loc.gov/standards/marcxml/schema/MARC21slim.xsd"
    xmlns="http://www.loc.gov/MARC21/slim">

  <leader>00415nam a22001697a 4500</leader>
  <controlfield tag="003">BD-DhUIB</controlfield>
  <controlfield tag="005">20251013151004.0</controlfield>
  <controlfield tag="008">251013b        |||||||| |||| 00| 0 eng d</controlfield>
  <datafield tag="040" ind1=" " ind2=" ">
    <subfield code="a">BD-DhUIB</subfield>
    <subfield code="c">BD-DhUIB</subfield>
  </datafield>
  <datafield tag="050" ind1=" " ind2=" ">
    <subfield code="a">658.0072</subfield>
  </datafield>
  <datafield tag="082" ind1=" " ind2=" ">
    <subfield code="2">22</subfield>
  </datafield>
  <datafield tag="100" ind1=" " ind2=" ">
    <subfield code="a">Saunders, Mark.</subfield>
    <subfield code="9">178</subfield>
  </datafield>
  <datafield tag="245" ind1=" " ind2=" ">
    <subfield code="a">Research methors for business Students/</subfield>
    <subfield code="c">by Mark, Saunders.</subfield>
  </datafield>
  <datafield tag="250" ind1=" " ind2=" ">
    <subfield code="a">5th ed.</subfield>
  </datafield>
  <datafield tag="526" ind1=" " ind2=" ">
    <subfield code="a">BBA.</subfield>
  </datafield>
  <datafield tag="942" ind1=" " ind2=" ">
    <subfield code="2">ddc</subfield>
    <subfield code="c">BK</subfield>
  </datafield>
  <datafield tag="999" ind1=" " ind2=" ">
    <subfield code="c">538</subfield>
    <subfield code="d">538</subfield>
  </datafield>
  <datafield tag="952" ind1=" " ind2=" ">
    <subfield code="0">0</subfield>
    <subfield code="1">0</subfield>
    <subfield code="2">ddc</subfield>
    <subfield code="4">0</subfield>
    <subfield code="7">0</subfield>
    <subfield code="8">NFIC</subfield>
    <subfield code="a">IBAL</subfield>
    <subfield code="b">IBAL</subfield>
    <subfield code="c">GEN</subfield>
    <subfield code="d">2025-07-07</subfield>
    <subfield code="e">Purchase</subfield>
    <subfield code="l">1</subfield>
    <subfield code="o">658.0072 S257r</subfield>
    <subfield code="p">00051631</subfield>
    <subfield code="r">2025-11-08 06:04:40</subfield>
    <subfield code="s">2025-10-13</subfield>
    <subfield code="t">01</subfield>
    <subfield code="w">2025-10-13</subfield>
    <subfield code="y">BK</subfield>
  </datafield>
</record>
